000 00638nam a22002177a 4500
003 UA-OsUOA
001 122211
007 ta
008 20170421b un ||||| |||| 00| 0 ukr d
100 _aЧирков С.
090 _a81
_bЧ-65
942 _cSA
040 _aUA-OsUOA
_bukr
_cUA-OsUOA
_dUA-OsUOA
245 _aЗакон про українську мову повинен мати статус Конституції
300 _aС.5
955 _a0
041 _aukr
080 _a81
773 0 _w122210
650 7 _a8 Мовознавство. Художня література. Літературознавство
_2UDC
999 _c408453
_d408453